Quick Pick: Famous Germans Quiz Stats

 Plays Quiz Updated Dec 7, 2017

Challenge
Share
Tweet
Embed
Score 0/10 Timer 01:00
6 Plays Today
% Correct
Anne Frank
95.7%
Albert Einstein
95.5%
Johann Sebastian Bach
94%
Karl Marx
93.2%
Martin Luther
90.6%
Alexandra Feodorovna
89.7%
Marlene Dietrich
87.7%
Johannes Gutenberg
87.3%
Gottlieb Daimler
83.5%
Thomas Mann
77.1%

Today's Daily Dose

You're not logged in!

Compare scores with friends on all Sporcle quizzes.
OR
Log In

You Might Also Like...

Show Comments

Extras

Top Quizzes Today


Score Distribution

Your Account Isn't Verified!

In order to create a playlist on Sporcle, you need to verify the email address you used during registration. Go to your Sporcle Settings to finish the process.

Report this User

Report this user for behavior that violates our Community Guidelines.

Details: